Verný a pravdivý obraz: zamyslenie sa nad prístupom k zobrazeniu skutočností v účtovnej závierke z pozície účtovníctva a audítorstva
Analýza a posúdenie problematiky vymedzenia zásady "verného a pravdivého obrazu" v podvojnom účtovníctve, ktorou sa zabezpečuje cieľ účtovníctva.
Saved in:
| Main Author: | |
|---|---|
| Other Authors: | |
| Format: | Book Chapter |
| Language: | Slovak |
| Subjects: | |
| Tags: |
No Tags, Be the first to tag this record!
|
MARC
| LEADER | 00000naa a2200000 4500 | ||
|---|---|---|---|
| 001 | 0205834 | ||
| 005 | 20240502073427.9 | ||
| 041 | 0 | |a slo | |
| 044 | |a SK | ||
| 245 | 1 | 0 | |a Verný a pravdivý obraz: zamyslenie sa nad prístupom k zobrazeniu skutočností v účtovnej závierke z pozície účtovníctva a audítorstva |c František Maděra, Ladislav Kareš |
| 520 | |a Analýza a posúdenie problematiky vymedzenia zásady "verného a pravdivého obrazu" v podvojnom účtovníctve, ktorou sa zabezpečuje cieľ účtovníctva. | ||
| 610 | 2 | 0 | |a závierka účtovná |
| 610 | 2 | 0 | |a výkazy finančné |
| 610 | 2 | 0 | |a prostredie podnikateľské |
| 610 | 2 | 0 | |a audit |
| 610 | 2 | 0 | |a účtovníctvo podvojné |
| 100 | 1 | |a Maděra, František | |
| 700 | 1 | |a Kareš, Ladislav | |